Catholics, peasants, and Chewa resistance in Nyasaland, 1889-1939 /

Bibliographic Details
Main Author: Linden, Ian
Other Authors: Linden, Jane
Format: Book
Language:English
Published: Berkeley : University of California Press, 1974.
Subjects:

MARC

Tag First Indicator Second Indicator Subfields
LEADER 00000cam a2200000 4500
001 in00000330113
005 20151011050344.0
008 740927s1974 caua b 00010 eng
010 |a  73080823  
020 |a 0520025008  |c $16.00 
035 |a (OCoLC)01071029 
035 |9 ABK0509AM 
040 |a DLC  |c DLC  |d TXA  |d UtOrBLW 
049 |a TXAM  |c [1230983] 
050 0 0 |a BV3625.N8  |b L47 
082 0 |a 266/.2/6897 
100 1 |a Linden, Ian. 
245 1 0 |a Catholics, peasants, and Chewa resistance in Nyasaland, 1889-1939 /  |c [by] Ian Linden, with Jane Linden. 
264 1 |a Berkeley :  |b University of California Press,  |c 1974. 
300 |a xii, 223 pages :  |b illustrations ;  |c 26 cm. 
336 |a text  |b txt  |2 rdacontent 
337 |a unmediated  |b n  |2 rdamedia 
338 |a volume  |b nc  |2 rdacarrier 
504 |a Includes bibliographical references. 
610 2 0 |a Catholic Church  |x Missions. 
650 0 |a Missions  |z Malawi. 
650 0 |a Chewa (African people) 
700 1 |a Linden, Jane. 
999 |a MARS 
999 f f |s 46b63ed9-12ca-3fa2-92df-3719a55aa6e4  |i cc03474a-fab9-33d2-b871-fac9d803673a  |t 0 
952 f f |p ric  |a Texas A&M University  |b Rellis Campus  |c Joint Library Facility  |d Remote Storage  |t 0  |e BV3625.N8 L47  |h Library of Congress classification  |i unmediated -- volume  |m A14801802119 
998 f f |a BV3625.N8 L47  |t 0  |l Remote Storage